| 000 | 00711nam a22002057a 4500 | ||
|---|---|---|---|
| 999 |
_c101261 _d101261 |
||
| 005 | 20181204154629.0 | ||
| 010 | _aENG-115417 | ||
| 020 |
_a9781470425883 _c720.00 |
||
| 035 | _aEN-98949 | ||
| 037 | _bDBAD/PUB | ||
| 082 | _a512.9434 | ||
| 100 | _aTao,Terence | ||
| 245 |
_aHigher orde fourier analysis / _cTerence Tao |
||
| 260 |
_aRhode Island _bAmerican Mathematical Society _c2016 |
||
| 270 |
_aDistributed by-Universties Press,3-6-747/1/A & 3-6 754/1,Himayatnagar _bHyderabad (Telagana) _e500029 |
||
| 300 |
_ax,282p. _c24cm(pbk) |
||
| 490 | _aVol-142 ; Graduate Studies in Mathematics | ||
| 500 | _aIncludes bibliographical references and Index | ||
| 942 |
_2ddc _cEN _h512.9434 _mTAO |
||